[Event "Linares"]
[Site "?"]
[Date "1990.??.??"]
[Round "?"]
[White "Kasparov, Garry"]
[Black "Ljubojevic, Lj"]
[Result "1/2-1/2"]
[WhiteElo "2800"]
[BlackElo "2625"]
[PlyCount "54"]
[EventDate "1990.??.??"]
[Source "ChessBase"]
[SourceDate "1990.01.01"]

1. d4 Nf6 2. c4 e6 3. Nc3 Bb4 4. f3 d5 5. a3 Be7 6. e4 dxc4 7. Bxc4 c5 8. dxc5 Qxd1+ 9. Kxd1 Bxc5 10. Nb5 Bb6 11. e5 Nd5 12. Nd6+ Ke7 13. f4 Nc6 14. Nf3 Ne3+ 15. Bxe3 Bxe3 16. g3 Rd8 17. b4 f6 18. Ke2 Bd4 19. b5 fxe5 20. Nxc8+ Raxc8 21. bxc6 Bxa1 22. Rxa1 exf4 23. Rb1 Rxc6 24. Rxb7+ Kf6 25. Rb4 fxg3 26. hxg3 h5 27. Ke3 e5 1/2-1/2

[Event "51st New York Masters"]
[Site "New York"]
[Date "2003.04.08"]
[Round "3"]
[White "Ehlvest, Jaan"]
[Black "Yudasin, Leonid"]
[Result "0-1"]
[WhiteElo "2705"]
[BlackElo "2666"]
[PlyCount "70"]
[EventDate "2003.04.08"]
[Source "Roberto Alvarez"]
[SourceDate "2003.05.19"]

1. d4 Nf6 2. c4 e6 3. Nc3 Bb4 4. f3 d5 5. a3 Be7 6. e4 c5 7. cxd5 exd5 8. dxc5 d4 9. Na4 O-O 10. Ne2 Nc6 11. b4 b5 12. cxb6 axb6 13. Nf4 Bb7 14. Bb5 Na7 15. Bd3 Bc6 16. O-O Nb5 17. Qc2 Rc8 18. Qe2 Nc3 19. Nxc3 dxc3 20. Be3 Bd6 21. Ba6 Rb8 22. Nd3 Qc7 23. Rfc1 Bxh2+ 24. Kf1 Nh5 25. Bf2 Ba4 26. b5 Rfd8 27. Nb4 Rd2 28. Qxd2 cxd2 29. Rxc7 Bxc7 30. Ke2 d1=Q+ 31. Rxd1 Nf4+ 32. Ke1 Nxg2+ 33. Kd2 Rd8+ 34. Nd5 Bxd1 35. Kxd1 Nf4 0-1

[Event "50th New York Masters"]
[Site "New York"]
[Date "2003.04.01"]
[Round "4"]
[White "Ehlvest, Jaan"]
[Black "Yudasin, Leonid"]
[Result "1-0"]
[WhiteElo "2705"]
[BlackElo "2666"]
[PlyCount "107"]
[EventDate "2003.04.01"]
[Source "Roberto Alvarez"]
[SourceDate "2003.05.19"]

1. d4 Nf6 2. c4 e6 3. Nc3 Bb4 4. f3 d5 5. a3 Be7 6. e4 c5 7. cxd5 exd5 8. e5 Nfd7 9. dxc5 Nc6 10. Qxd5 O-O 11. Be3 Ndxe5 12. Qxd8 Rxd8 13. Kf2 Be6 14. Nh3 Bb3 15. Rc1 Nd4 16. Ne4 Nf5 17. Bf4 Ng6 18. Bc4 Bxc4 19. Rxc4 Rac8 20. Rhc1 h6 21. b4 Nxf4 22. Nxf4 Nd4 23. Rd1 Nc6 24. Nd5 Bf8 25. g4 Kh8 26. Rc2 Ne5 27. Rcc1 Rd7 28. Ndc3 Nd3+ 29. Kg3 Rcd8 30. Rb1 a5 31. h4 axb4 32. axb4 Be7 33. h5 Rd4 34. Nb5 Rxb4 35. Rxb4 Nxb4 36. Rxd8+ Bxd8 37. Ned6 Kg8 38. Nxb7 Be7 39. N7d6 Kf8 40. f4 g6 41. Kf3 Na6 42. c6 Bxd6 43. Nxd6 Ke7 44. Nb5 gxh5 45. gxh5 Nb4 46. c7 Kd7 47. Ke4 Nc6 48. Nd6 Kxc7 49. Nxf7 Nb4 50. Nxh6 Kd7 51. Nf5 Nc6 52. h6 Nd8 53. Nh4 Nf7 54. h7 1-0

[Event "Rotterdam"]
[Site "?"]
[Date "1990.??.??"]
[Round "?"]
[White "Timman, J."]
[Black "Kortchnoi, V."]
[Result "1/2-1/2"]
[WhiteElo "2680"]
[BlackElo "2625"]
[PlyCount "68"]
[EventDate "1990.??.??"]
[Source "ChessBase"]
[SourceDate "1990.01.01"]

1. d4 Nf6 2. c4 e6 3. Nc3 Bb4 4. f3 c5 5. d5 d6 6. e4 O-O 7. Nge2 Re8 8. a3 Ba5 9. Ng3 Bxc3+ 10. bxc3 Qa5 11. Bd2 Bd7 12. Be2 Ba4 13. Qb1 Nbd7 14. Ra2 Rab8 15. O-O a6 16. Rb2 Qc7 17. Re1 Nf8 18. Bd3 Ng6 19. f4 e5 20. f5 Nf4 21. Bf1 Kh8 22. Qc1 b5 23. Bxf4 exf4 24. Qxf4 Re5 25. Reb1 h6 26. cxb5 axb5 27. c4 b4 28. axb4 cxb4 29. Qe3 b3 30. Ra1 Rb4 31. Bd3 Nd7 32. Ne2 Nc5 33. Nc3 Nxd3 34. Qxd3 Rxc4 1/2-1/2

[Event "Bastia FRA, Corsica Masters 2005"]
[Site "?"]
[Date "2002.11.01"]
[Round "1"]
[White "Milov Vadim"]
[Black "Almasi Zoltan"]
[Result "1/2-1/2"]
[WhiteElo "2503"]
[BlackElo "2755"]
[PlyCount "86"]
[EventDate "2002.??.??"]
[Source "www.chesslib.no"]
[SourceDate "2004.05.04"]

1. d4 Nf6 2. c4 e6 3. Nc3 Bb4 4. f3 Nc6 5. e4 d5 6. cxd5 exd5 7. e5 Ng8 8. Be3 Nge7 9. f4 O-O 10. Be2 Bf5 11. Nf3 Be4 12. O-O Ba5 13. Bf2 Bb6 14. Ng5 Nf5 15. Ngxe4 dxe4 16. Nxe4 Bxd4 17. Bd3 Nce7 18. Qf3 Bxf2+ 19. Rxf2 Qd4 20. Re1 Rad8 21. Bb1 Qb4 22. Ref1 Qd4 23. Kh1 g6 24. g4 Ne3 25. Re1 Nc4 26. Qh3 Kg7 27. f5 Ng8 28. e6 f6 29. fxg6 hxg6 30. e7 Nxe7 31. Nxf6 Rxf6 32. Rxe7+ Kf8 33. Rxf6+ Qxf6 34. Re1 Kg7 35. Qg3 Nd6 36. b3 Re8 37. Rd1 Re2 38. Bd3 Rf2 39. Qe3 Rf3 40. Qe2 Rf2 41. Qe3 Rf3 42. Qe2 Rf2 43. Qe3 Rf3 1/2-1/2

[Event "Russia 82/464"]
[Site "?"]
[Date "2001.??.??"]
[Round "?"]
[White "Sakaev, K."]
[Black "Vladimirov, E."]
[Result "1-0"]
[WhiteElo "2637"]
[BlackElo "2612"]
[PlyCount "43"]
[EventDate "2001.??.??"]
[Source "Chess Informant"]
[SourceDate "2001.06.01"]

1. d4 Nf6 2. c4 e6 3. Nc3 Bb4 4. f3 c5 5. d5 O-O 6. e4 exd5 7. cxd5 d6 8. Nge2 Nh5 9. g4 Qh4+ 10. Kd2 f5 11. gxh5 fxe4 12. Qe1 e3+ 13. Kd1 Qxh5 14. Ng3 Qxf3+ 15. Be2 Qf4 16. Rf1 Qd4+ 17. Kc2 Re8 18. Rf3 Qh4 19. Rxe3 Rxe3 20. Bxe3 Nd7 21. Nge4 Qxh2 22. Qf2 1-0

[Event "Hastings 9192"]
[Site "Hastings"]
[Date "1991.??.??"]
[Round "12"]
[White "Shirov, Alexei"]
[Black "Speelman, Jonathan S"]
[Result "1/2-1/2"]
[WhiteElo "2610"]
[BlackElo "2630"]
[PlyCount "83"]
[EventDate "1991.12.??"]
[Source "ChessBase"]

1. d4 Nf6 2. c4 e6 3. Nc3 Bb4 4. f3 Nc6 5. e4 b6 6. Bg5 h6 7. Bh4 e5 8. Nge2 Qe7 9. d5 g5 10. Bf2 Nb8 11. a3 Bc5 12. Bxc5 bxc5 13. d6 Qxd6 14. Qxd6 cxd6 15. Nb5 Kd8 16. Nxd6 Rh7 17. b4 Na6 18. b5 Nc7 19. h4 g4 20. f4 Nce8 21. Nxe8 Kxe8 22. fxe5 Nxe4 23. g3 Bb7 24. Bg2 Rb8 25. Rd1 f5 26. exf6 Rf7 27. O-O Rxf6 28. Rfe1 Kd8 29. Nf4 Nd6 30. Nh5 Rg6 31. Nf4 Rf6 32. Bxb7 Rxb7 33. Rd5 Nxc4 34. Ne6+ Rxe6 35. Rxe6 Rxb5 36. Rxh6 Rb3 37. Rh8+ Kc7 38. Rh7 Kc6 39. Rdxd7 Rxg3+ 40. Kf2 Rf3+ 41. Ke2 Re3+ 42. Kf2 1/2-1/2

[Event "Amsterdam"]
[Site "?"]
[Date "1990.??.??"]
[Round "?"]
[White "Beliavsky, A."]
[Black "Kortchnoi, V."]
[Result "1/2-1/2"]
[WhiteElo "2605"]
[BlackElo "2630"]
[PlyCount "76"]
[EventDate "1990.??.??"]
[Source "ChessBase"]
[SourceDate "1990.07.01"]

1. d4 Nf6 2. c4 e6 3. Nc3 Bb4 4. f3 c5 5. d5 d6 6. e4 O-O 7. Nge2 Nh5 8. g4 Qh4+ 9. Kd2 Nf6 10. Qe1 Qxe1+ 11. Kxe1 Nbd7 12. Ng3 b5 13. g5 Ne8 14. cxb5 exd5 15. exd5 Nb6 16. Kf2 Bxc3 17. bxc3 Nxd5 18. Bd2 a6 19. a4 axb5 20. Bxb5 Ndc7 21. c4 f6 22. Rhe1 Ra7 23. Ne4 Bb7 24. gxf6 Bxe4 25. Rxe4 Nxf6 26. Re2 d5 27. Kg2 d4 28. Re5 Nxb5 29. cxb5 c4 30. a5 c3 31. Be1 Rb8 32. a6 c2 33. Bd2 Kf7 34. Kf2 Nd7 35. Rd5 Ke6 36. Rxd4 Rxb5 37. Rc4 Rb1 38. Ra2 Rb6 1/2-1/2

[Event "It (Open) Abudhabi UAE"]
[Site "?"]
[Date "2005.??.??"]
[Round "3"]
[White "Volkov Sergey"]
[Black "Bocharov Dmitry"]
[Result "1/2-1/2"]
[WhiteElo "2622"]
[BlackElo "2574"]
[PlyCount "79"]
[EventDate "2005.??.??"]
[Source "www.chesslib.no"]
[SourceDate "2004.05.04"]

1. d4 Nf6 2. c4 e6 3. Nc3 Bb4 4. f3 c5 5. d5 O-O 6. e4 d6 7. Nge2 b5 8. a3 Ba5 9. b4 cxb4 10. Nxb5 bxa3+ 11. Bd2 Bb6 12. Rxa3 exd5 13. cxd5 Ba6 14. Nec3 Nh5 15. g3 f5 16. exf5 Rxf5 17. Ne4 Nf6 18. Nbxd6 Nxe4 19. Nxe4 Bxf1 20. Kxf1 Rxd5 21. Kg2 Nc6 22. Qc2 Nd4 23. Qa2 Kh8 24. Rd3 Rc8 25. Rd1 Rc2 26. Qa4 Qc8 27. Rc3 Rxc3 28. Bxc3 Nf5 29. Rxd5 Ne3+ 30. Kh1 Nxd5 31. Bb2 h6 32. Nd6 Qc5 33. Bxg7+ Kh7 34. Qe4+ Kxg7 35. Qe5+ Kh7 36. Qf5+ Kh8 37. Qf8+ Kh7 38. Qf7+ Kh8 39. Qe8+ Kh7 40. Qd7+ 1/2-1/2

[Event "4th IECC"]
[Site "Istanbul"]
[Date "2003.06.13"]
[Round "13"]
[White "Volkov, Sergey"]
[Black "Romanishin, Oleg"]
[Result "1/2-1/2"]
[WhiteElo "2634"]
[BlackElo "2558"]
[PlyCount "35"]
[EventDate "2003.05.30"]
[Source "Roberto Alvarez"]
[SourceDate "2003.06.23"]

1. d4 Nf6 2. c4 e6 3. Nc3 Bb4 4. f3 c5 5. d5 Nh5 6. Nh3 d6 7. Nf2 e5 8. e4 O-O 9. g3 g6 10. Bh6 Ng7 11. h4 f5 12. h5 Nxh5 13. Rxh5 gxh5 14. Bxf8 Qxf8 15. Bh3 Bd7 16. exf5 Bxf5 17. Bxf5 Qxf5 18. Nfe4 1/2-1/2

[Event "Erevan ARM"]
[Site "Erevan ARM"]
[Date "1989.??.??"]
[Round "9"]
[White "Ivanchuk, Vassily"]
[Black "Csom, Istvan"]
[Result "1-0"]
[WhiteElo "2635"]
[BlackElo "2545"]
[PlyCount "33"]
[EventDate "1989.??.??"]
[Source "www.chesslib.no"]
[SourceDate "2004.05.04"]

1. d4 Nf6 2. c4 e6 3. Nc3 Bb4 4. f3 c5 5. d5 Bxc3+ 6. bxc3 Nh5 7. g3 f5 8. e4 f4 9. dxe6 fxg3 10. Qd5 g2 11. Qxh5+ g6 12. Qe5 Qh4+ 13. Ke2 Ke7 14. Qg7+ Kxe6 15. Qf8 Qf4 16. Qxf4 d6 17. Qxd6+ 1-0

[Event "Batumi"]
[Site "?"]
[Date "1999.??.??"]
[Round "?"]
[White "Volkov, S."]
[Black "Dautov, R."]
[Result "1/2-1/2"]
[WhiteElo "2575"]
[BlackElo "2595"]
[PlyCount "138"]
[EventDate "1999.??.??"]
[Source "Chess Informant"]
[SourceDate "1999.10.01"]

1. d4 Nf6 2. c4 e6 3. Nc3 Bb4 4. f3 d5 5. a3 Bxc3+ 6. bxc3 c6 7. e4 dxe4 8. fxe4 e5 9. Nf3 Qa5 10. Qd3 exd4 11. Bd2 dxc3 12. Bxc3 Qd8 13. Qxd8+ Kxd8 14. O-O-O+ Ke7 15. Bb4+ Ke8 16. Bd3 Na6 17. Bd6 Nd7 18. Rhe1 Ndc5 19. Bc2 Be6 20. Nd4 Bxc4 21. Nf5 Ne6 22. a4 b5 23. axb5 cxb5 24. e5 Nac5 25. Kb2 a5 26. Ne3 h5 27. Nxc4 bxc4 28. Kc3 Rc8 29. Rd5 h4 30. Ra1 a4 31. Rxa4 Nxa4+ 32. Bxa4+ Kd8 33. Bc5+ Kc7 34. Rd7+ Kb8 35. Bd6+ Ka8 36. Rxf7 Ng5 37. Rf4 h3 38. g3 Ne6 39. Rf1 Nc5 40. Bc2 Rhd8 41. Rf7 g5 42. Rg7 Nd3 43. Rxg5 Kb7 44. Rh5 Rh8 45. Rf5 Kb6 46. Rf6 Nc5 47. g4 Rhg8 48. Bf5 Rc6 49. Rh6 Nb7 50. Bd7 Nxd6 51. Bxc6 Kxc6 52. Rxd6+ Kc5 53. Rd4 Rf8 54. Re4 Kd5 55. Re3 Ra8 56. Kb2 Rb8+ 57. Kc2 Rg8 58. e6 Kd6 59. e7 Kd7 60. Kc3 Ke8 61. Re4 Rg6 62. Kxc4 Rd6 63. Rd4 Rf6 64. Kd5 Rf2 65. Ke6 Rf6+ 66. Ke5 Rf2 67. g5 Kxe7 68. Rh4 Rxh2 69. Kf5 Kf7 1/2-1/2

[Event "ROM-chT2"]
[Site "Tusnad"]
[Date "2000.??.??"]
[Round "?"]
[White "Volkov, Sergey"]
[Black "Timoshenko, Georgy"]
[Result "1/2-1/2"]
[WhiteElo "2582"]
[BlackElo "2584"]
[PlyCount "66"]
[EventDate "2000.??.??"]
[Source "www.chesslib.no"]
[SourceDate "2004.05.04"]

1. d4 Nf6 2. c4 e6 3. Nc3 Bb4 4. f3 O-O 5. a3 Bxc3+ 6. bxc3 Ne8 7. e4 b6 8. Bd3 Ba6 9. Nh3 Nc6 10. Bg5 f6 11. Be3 Na5 12. c5 Bxd3 13. Qxd3 d5 14. cxd6 Nxd6 15. Nf4 Qd7 16. d5 exd5 17. Qxd5+ Qf7 18. Kf2 Qxd5 19. exd5 c6 20. Ne6 Rfc8 21. Bf4 Nac4 22. Rad1 Kf7 23. Rhe1 Re8 24. a4 Rac8 25. Bxd6 Nxd6 26. Nf4 Rxe1 27. Kxe1 cxd5 28. Nxd5 Ke6 29. Rd4 g5 30. Ke2 Rc5 31. Ne3 Rxc3 32. g4 Rb3 33. Kf2 a5 1/2-1/2

[Event "Korinthos 86/487"]
[Site "?"]
[Date "2002.??.??"]
[Round "?"]
[White "Volkov, S."]
[Black "Genov, Petar"]
[Result "1-0"]
[WhiteElo "2636"]
[BlackElo "2526"]
[PlyCount "59"]
[EventDate "2002.??.??"]
[Source "Chess Informant"]
[SourceDate "2002.10.01"]

1. d4 Nf6 2. c4 e6 3. Nc3 Bb4 4. f3 d5 5. a3 Bxc3+ 6. bxc3 c6 7. e4 dxe4 8. fxe4 e5 9. Nf3 Qa5 10. Qd3 exd4 11. Bd2 dxc3 12. Bxc3 Qd8 13. Qxd8+ Kxd8 14. Ng5 Be6 15. Be2 Na6 16. O-O Ke7 17. Rad1 Nc5 18. e5 Nfd7 19. Rd6 Na4 20. Bb4 c5 21. Nxe6 fxe6 22. Bg4 Nf8 23. Be1 h6 24. Bh5 g6 25. Bh4+ Ke8 26. Bxg6+ Nxg6 27. Rxe6+ Kd7 28. Rd6+ Kc8 29. Rxg6 Nb6 30. Rf7 1-0

[Event "Magyarorszag (ch)"]
[Site "?"]
[Date "2004.??.??"]
[Round "?"]
[White "Berkes, F."]
[Black "Cao, Sang"]
[Result "1-0"]
[WhiteElo "2610"]
[BlackElo "2545"]
[PlyCount "117"]
[EventDate "2004.??.??"]
[Source "Chess Informant"]
[SourceDate "2004.06.01"]

1. d4 Nf6 2. c4 e6 3. Nc3 Bb4 4. f3 c5 5. d5 b5 6. e4 bxc4 7. Bxc4 Nxd5 8. Bxd5 exd5 9. Qxd5 Nc6 10. Nge2 Ba6 11. Kf2 O-O 12. Rd1 Ba5 13. Bg5 Qb6 14. Be3 Rfb8 15. Bxc5 Qxb2 16. Rab1 Bxc3 17. Rxb2 Rxb2 18. Rd3 Bxd3 19. Qxd3 Bf6 20. f4 Nb4 21. Bxb4 Rxb4 22. Kf3 Rb2 23. e5 Bd8 24. f5 Bb6 25. f6 gxf6 26. exf6 Re8 27. Qxd7 Re3+ 28. Kf4 Rb4+ 29. Kf5 Rbe4 30. Nf4 Re5+ 31. Kg4 R3e4 32. Kh3 h5 33. Ng6 Re6 34. Qc8+ Re8 35. Qf5 Bd8 36. Qg5 Bxf6 37. Ne7+ Kh7 38. Qxh5+ Kg7 39. Nf5+ Kg8 40. Nh6+ Kg7 41. Qxf7+ Kxh6 42. Qxf6+ Kh7 43. Qf7+ Kh6 44. g4 Re2 45. Qf6+ Kh7 46. g5 R8e7 47. Kg4 Rg2+ 48. Kf3 Rge2 49. h4 R2e6 50. Qf5+ Kg8 51. Qd5 Kg7 52. Kf4 Re1 53. Qd4+ Kg8 54. h5 Rf7+ 55. Kg4 Rfe7 56. Qd5+ Kf8 57. h6 R1e5 58. Qd8+ Kf7 59. h7 1-0

[Event "Belgrade Cukarica"]
[Site "Belgrade SCG"]
[Date "1995.??.??"]
[Round "1"]
[White "Ilincic, Zlatko"]
[Black "Damljanovic, Branko"]
[Result "1-0"]
[WhiteElo "2565"]
[BlackElo "2575"]
[PlyCount "75"]
[EventDate "1995.??.??"]
[Source "www.chesslib.no"]
[SourceDate "2004.05.04"]

1. d4 Nf6 2. c4 e6 3. Nc3 Bb4 4. f3 c5 5. d5 d6 6. e4 Bxc3+ 7. bxc3 Qa5 8. Ne2 e5 9. Bd2 Nbd7 10. Ng3 Nb6 11. a4 Bd7 12. Bd3 h5 13. h4 Nc8 14. Qb3 Qb6 15. Qc2 Ne7 16. O-O Qc7 17. Be2 Ng6 18. Nf5 O-O-O 19. Bg5 Rdg8 20. g3 Nh7 21. Be3 Kb8 22. Rfb1 Bc8 23. a5 Ne7 24. f4 Nxf5 25. exf5 g6 26. fxe5 gxf5 27. exd6 Qxd6 28. Kf1 Rxg3 29. Qc1 Rxe3 30. Qxe3 f4 31. Qg1 Nf6 32. Rb5 Ne4 33. Bd3 Ng3+ 34. Ke1 Re8+ 35. Kd1 Qh6 36. Kc2 Ne4 37. Bxe4 Rxe4 38. Re1 1-0

[Event "RUS-Cup06"]
[Site "Nizhnij Novgorod"]
[Date "1998.07.07"]
[Round "9"]
[White "Volkov, Sergey"]
[Black "Filippov, Valerij"]
[Result "0-1"]
[WhiteElo "2545"]
[BlackElo "2595"]
[PlyCount "60"]
[EventDate "1998.06.29"]
[Source "www.chesslib.no"]
[SourceDate "2004.05.04"]

1. d4 Nf6 2. c4 e6 3. Nc3 Bb4 4. f3 O-O 5. e4 d5 6. e5 Nfd7 7. cxd5 exd5 8. f4 c5 9. a3 Ba5 10. Nf3 Nc6 11. Be3 cxd4 12. Nxd4 Re8 13. Be2 f6 14. Ndb5 d4 15. Bxd4 fxe5 16. Qb3+ Kh8 17. Nd6 Rf8 18. Bf2 Nd4 19. Nf7+ Rxf7 20. Qxf7 Nc2+ 21. Kd2 Nxa1 22. Rxa1 Nc5+ 23. Ke1 Be6 24. Qh5 Nd3+ 25. Bxd3 Qxd3 26. Rd1 Qe4+ 27. Kf1 Qxf4 28. Ne2 Qa4 29. Rd6 Qc2 30. Qg5 Bc4 0-1

[Event "RUS-chT 9th"]
[Site "Ekaterinburg"]
[Date "2002.05.21"]
[Round "5"]
[White "Volkov, Sergey"]
[Black "Sorokin, Maxim"]
[Result "1/2-1/2"]
[WhiteElo "2609"]
[BlackElo "2531"]
[PlyCount "107"]
[EventDate "2002.05.17"]
[Source "ChessBase"]
[SourceDate "2002.09.20"]

1. d4 Nf6 2. c4 e6 3. Nc3 Bb4 4. f3 c5 5. d5 b5 6. e4 bxc4 7. Bxc4 Nxd5 8. Bxd5 exd5 9. Qxd5 Nc6 10. Nge2 Ba6 11. Kf2 O-O 12. Rd1 Ba5 13. a3 Rb8 14. Bg5 Qc8 15. Rab1 Re8 16. Bf4 Rb7 17. Na4 Ne7 18. Qd6 Bxe2 19. Kxe2 Bc7 20. Qd2 d5 21. Kf1 dxe4 22. fxe4 Bxf4 23. Qxf4 Ng6 24. Qf5 c4 25. Qxc8 Rxc8 26. Rbc1 Ne5 27. b4 f6 28. Nc5 Rb5 29. Nd7 Ng4 30. Rd4 Nxh2+ 31. Kg1 Ng4 32. Rcxc4 Rxc4 33. Rxc4 a5 34. Rc5 Rb7 35. Rc8+ Kf7 36. Nc5 Rb6 37. Rc7+ Kg6 38. Rb7 Rxb7 39. Nxb7 axb4 40. axb4 f5 41. b5 fxe4 42. b6 Ne5 43. Nc5 Nc6 44. Kf2 Kf5 45. Ke3 Ke5 46. Nd7+ Kd6 47. Nf8 Ne7 48. Kxe4 Kc6 49. Ke5 h5 50. Ke6 Nd5 51. b7 Nc7+ 52. Kf7 Kxb7 53. Kxg7 Nd5 54. Kh6 1/2-1/2

[Event "Linares Anibal op 8th"]
[Site "Linares"]
[Date "2001.01.17"]
[Round "10"]
[White "Kobalija, Mihail"]
[Black "Kacheishvili, Giorgi"]
[Result "0-1"]
[WhiteElo "2581"]
[BlackElo "2556"]
[PlyCount "84"]
[EventDate "2001.01.08"]
[Source "ChessBase"]
[SourceDate "2001.03.20"]

1. d4 Nf6 2. c4 e6 3. Nc3 Bb4 4. f3 c5 5. d5 O-O 6. e4 Re8 7. Nge2 d6 8. Bg5 h6 9. Bh4 exd5 10. cxd5 Nbd7 11. Qc2 b5 12. O-O-O Bxc3 13. Nxc3 b4 14. Ne2 Ne5 15. Kb1 a5 16. Bg3 a4 17. Qd2 Ba6 18. Nc1 Qb6 19. Bxa6 Qxa6 20. Bxe5 Rxe5 21. g4 Nd7 22. Rhe1 Re7 23. Nd3 Qb5 24. e5 dxe5 25. Re4 Ra6 26. f4 Rd6 27. Nxe5 Nf6 28. Ree1 Nxd5 29. Qc1 a3 30. Qc4 Qb7 31. Rd3 Nb6 32. Qc2 Rxd3 33. Qxd3 Nd7 34. Qc4 Qg2 35. Qc2 Qa8 36. Qd3 Nxe5 37. fxe5 Re8 38. bxa3 bxa3 39. Ka1 Qa5 40. Qe3 Qb4 41. Rb1 Qxg4 42. Qxc5 Qe2 0-1

[Event "FIN-SWE"]
[Site "Helsinki"]
[Date "1991.??.??"]
[Round "2"]
[White "Yrjola, Jouni"]
[Black "Andersson, Ulf"]
[Result "1-0"]
[WhiteElo "2500"]
[BlackElo "2625"]
[PlyCount "80"]
[EventDate "1991.??.??"]
[Source "ChessBase"]

1. d4 Nf6 2. c4 e6 3. Nc3 Bb4 4. f3 c5 5. d5 Bxc3+ 6. bxc3 d6 7. e4 O-O 8. Ne2 Re8 9. Ng3 Nbd7 10. Be2 Ne5 11. O-O Ng6 12. dxe6 Bxe6 13. f4 Bd7 14. Qxd6 Nxe4 15. Nxe4 Rxe4 16. Bf3 Re7 17. Qxc5 Bc6 18. Bxc6 Rc7 19. f5 Rxc6 20. Qd4 Nf8 21. c5 Qe7 22. Be3 Nd7 23. Rae1 Nxc5 24. f6 Qe4 25. fxg7 b6 26. Bg5 Qg6 27. Qd5 Rac8 28. Re7 Re6 29. Rexf7 Qxf7 30. Rxf7 Kxf7 31. Qf5+ Kg8 32. Be3 Rce8 33. Bxc5 bxc5 34. Qxc5 R6e7 35. h4 Rxg7 36. Qd5+ Rf7 37. c4 Ree7 38. c5 h6 39. h5 Kh7 40. c6 Rg7 1-0

[Event "Chalkidiki"]
[Site "?"]
[Date "1992.??.??"]
[Round "?"]
[White "Khenkin, I."]
[Black "Kotronias, V."]
[Result "1-0"]
[WhiteElo "2570"]
[BlackElo "2550"]
[PlyCount "51"]
[EventDate "1992.??.??"]
[Source "ChessBase"]
[SourceDate "1992.06.01"]

1. d4 Nf6 2. c4 e6 3. Nc3 Bb4 4. f3 c5 5. d5 b5 6. e4 bxc4 7. Bxc4 Nxd5 8. Bxd5 exd5 9. Qxd5 Nc6 10. Nge2 Ba6 11. Kf2 O-O 12. Rd1 Bxc3 13. bxc3 Bxe2 14. Kxe2 Qb8 15. h3 Kh8 16. Kf2 f5 17. exf5 Ne5 18. Bf4 Rxf5 19. Rab1 Qe8 20. Qe4 g6 21. Kg3 Rb8 22. Rxb8 Qxb8 23. Rxd7 Rxf4 24. Rb7 Rxf3+ 25. gxf3 Qd6 26. f4 1-0

[Event "Dubai op"]
[Site "Dubai"]
[Date "2001.04.25"]
[Round "9"]
[White "Yakovich, Yuri"]
[Black "Sorokin, Maxim"]
[Result "0-1"]
[WhiteElo "2577"]
[BlackElo "2538"]
[PlyCount "124"]
[EventDate "2001.04.15"]
[Source "ChessBase"]
[SourceDate "2001.07.05"]

1. d4 Nf6 2. c4 e6 3. Nc3 Bb4 4. f3 c5 5. d5 b5 6. e4 bxc4 7. Bxc4 O-O 8. Nge2 Ba6 9. Bxa6 Nxa6 10. O-O c4 11. Kh1 Qa5 12. Bg5 Ne8 13. Rc1 Rb8 14. Qa4 Bxc3 15. Nxc3 Qxa4 16. Nxa4 Rb4 17. Nc3 f6 18. Be3 Rxb2 19. Bxa7 Nd6 20. dxe6 dxe6 21. Rfd1 Rd8 22. Rb1 Rc2 23. Rdc1 Rxc1+ 24. Rxc1 Ra8 25. Be3 Nb4 26. a4 Kf7 27. Kg1 Nd3 28. Rb1 Ke7 29. Kf1 Kd7 30. Ke2 g5 31. Bd4 f5 32. e5 Nf7 33. Rb7+ Ke8 34. Nb5 Kf8 35. Nc7 Nf4+ 36. Kf1 Rd8 37. g3 Rxd4 38. gxf4 Nd8 39. Rb4 Rxf4 40. Rb8 Ke7 41. Rxd8 Rxf3+ 42. Kg2 Kxd8 43. Nxe6+ Ke7 44. Kxf3 Kxe6 45. a5 c3 46. Ke2 f4 47. a6 c2 48. Kd2 f3 49. a7 f2 50. a8=Q c1=Q+ 51. Kxc1 f1=Q+ 52. Kd2 Qf2+ 53. Kd3 Qf1+ 54. Kd2 Qf4+ 55. Kd3 Qxe5 56. Qg8+ Kf5 57. Qxh7+ Kf4 58. Qf7+ Kg4 59. Qd7+ Kf3 60. Qh3+ Kf2 61. Qg4 Qe3+ 62. Kc4 Qf4+ 0-1